| 000 | 00727 a2200193 4500 | ||
|---|---|---|---|
| 020 | _a0691130965 | ||
| 020 | _a9780691130965 | ||
| 082 | _a300.1513 | ||
| 090 |
_c1270 _d1270 |
||
| 100 | 1 | _aMiller, John H. | |
| 245 | 1 | 0 |
_aComplex adaptive systems : _ban introduction to computational models of social life / _cJohn H. Miller, Scott E. Page. |
| 260 |
_a[S.l.] : _bPrinceton University Press, _c2007. |
||
| 300 |
_a284 p. ; _c24 cm. |
||
| 490 | 1 | _aPrinceton studies in complexity. | |
| 700 | 1 | _aPage, Scott E. | |
| 830 | 0 | _aPrinceton studies in complexity. | |
| 942 |
_aSNS _cBK _k300.1513 MIL |
||
| 999 |
_c29883 _d29883 |
||